[Event "Penang op-A 9th"]
[Site "Penang"]
[Date "2017.12.06"]
[Round "4"]
[White "Sun, Chao"]
[Black "Sunardi, Sadeli"]
[Result "1/2-1/2"]
[WhiteElo "1731"]
[BlackElo "2053"]
[PlyCount "66"]
[EventDate "2017.12.04"]
[EventType "swiss"]
[EventRounds "9"]
[EventCountry "MAS"]
[SourceTitle "CBM 182 Extra"]
[Source "ChessBase"]
[SourceDate "2018.02.23"]
[SourceVersion "1"]
[SourceVersionDate "2018.02.23"]
[SourceQuality "1"]

1. Nf3 Nf6 2. c4 c5 3. g3 d5 4. cxd5 Nxd5 5. Bg2 Nc6 6. d4 Nf6 7. Qa4 e6 8. Ne5 Qb6 9. 0-0 Bd7 10. dxc5 Bxc5 11. Nxd7 Nxd7 12. Nc3 Rc8 13. Qg4 0-0 14. Bh6 Bd4 15. Na4 Qb4 16. e3 f5 17. Qd1 Nc5 18. exd4 Nxa4 19. Qb3 Qxb3 20. axb3 Nxb2 21. Be3 a6 22. Rab1 Nd3 23. b4 f4 24. gxf4 Nxf4 25. b5 Nxg2 26. Kxg2 axb5 27. Rxb5 Rc7 28. d5 exd5 29. Rxd5 Rb8 30. Rb1 Rf7 31. Rb2 Ne7 32. Rd1 Rbf8 33. Rd3 Nf5 1/2-1/2

[Event "Penang op 7th"]
[Site "Penang"]
[Date "2015.12.11"]
[Round "7"]
[White "Sunardi, Sadeli"]
[Black "Teh, Ren Jie"]
[Result "1/2-1/2"]
[WhiteElo "2078"]
[BlackElo "1570"]
[PlyCount "77"]
[EventDate "2015.12.07"]
[EventType "swiss"]
[EventRounds "9"]
[EventCountry "MAS"]
[SourceTitle "CBM 169 Extra"]
[Source "ChessBase"]
[SourceDate "2015.12.18"]
[SourceVersion "1"]
[SourceVersionDate "2015.12.18"]
[SourceQuality "1"]

1. e4 c6 2. d4 d5 3. Nc3 dxe4 4. Nxe4 Bf5 5. Ng3 Bg6 6. h4 h6 7. Nf3 Nd7 8. h5 Bh7 9. Bd3 Bxd3 10. Qxd3 e6 11. Bd2 Ngf6 12. 0-0-0 Be7 13. Kb1 a5 14. Ne4 Nxe4 15. Qxe4 Nf6 16. Qe2 Qd5 17. Ne5 b5 18. f3 a4 19. Bc1 b4 20. g4 Qb5 21. Qc4 Qxc4 22. Nxc4 c5 23. dxc5 Bxc5 24. Be3 Bxe3 25. Nxe3 0-0 26. Rd4 Rab8 27. Rhd1 Rfc8 28. Rd6 a3 29. b3 Rc3 30. Rd8+ Rxd8 31. Rxd8+ Kh7 32. Rd3 Rxd3 33. cxd3 Nd5 34. Nxd5 exd5 35. Kc2 d4 36. Kd2 g6 37. Ke2 gxh5 38. gxh5 Kg7 39. f4 1/2-1/2

[Event "Penang op 7th"]
[Site "Penang"]
[Date "2015.12.09"]
[Round "4"]
[White "Vo, Thanh Ninh"]
[Black "Sunardi, Sadeli"]
[Result "1-0"]
[WhiteElo "2368"]
[BlackElo "2078"]
[PlyCount "79"]
[EventDate "2015.12.07"]
[EventType "swiss"]
[EventRounds "9"]
[EventCountry "MAS"]
[SourceTitle "CBM 169 Extra"]
[Source "ChessBase"]
[SourceDate "2015.12.18"]
[SourceVersion "1"]
[SourceVersionDate "2015.12.18"]
[SourceQuality "1"]

1. c4 Nf6 2. g3 g6 3. Bg2 Bg7 4. Nc3 d6 5. e4 0-0 6. Nge2 e5 7. d3 c5 8. 0-0 Nc6 9. h3 Ne8 10. Be3 h6 11. Qd2 Kh7 12. f4 exf4 13. Rxf4 Be6 14. Raf1 Nf6 15. b3 Nd7 16. R4f2 Nde5 17. Nf4 Nd4 18. Kh2 Qd7 19. Nfd5 f5 20. Bxd4 cxd4 21. Ne2 Bxd5 22. cxd5 fxe4 23. Bxe4 Rxf2+ 24. Rxf2 Qe7 25. Kg2 Kg8 26. Nf4 g5 27. Ne6 Nd7 28. Qb4 Nc5 29. Bf5 b6 30. Qd2 Kh8 31. Qe2 Qe8 32. Qg4 Rb8 33. Re2 Qf7 34. Rf2 Qe8 35. h4 Nxe6 36. dxe6 Bf6 37. hxg5 Bxg5 38. Be4 d5 39. Bxd5 Qe7 40. Qxd4+ 1-0

[Event "Penang op 7th"]
[Site "Penang"]
[Date "2015.12.08"]
[Round "2"]
[White "Nguyen, Van Hai"]
[Black "Sunardi, Sadeli"]
[Result "1-0"]
[WhiteElo "2352"]
[BlackElo "2078"]
[PlyCount "61"]
[EventDate "2015.12.07"]
[EventType "swiss"]
[EventRounds "9"]
[EventCountry "MAS"]
[SourceTitle "CBM 169 Extra"]
[Source "ChessBase"]
[SourceDate "2015.12.18"]
[SourceVersion "1"]
[SourceVersionDate "2015.12.18"]
[SourceQuality "1"]

1. d4 c5 2. Nf3 d5 3. g3 Nc6 4. Bg2 Nf6 5. 0-0 e6 6. c4 dxc4 7. Qa4 Qb6 8. dxc5 Bxc5 9. Qxc4 0-0 10. Nc3 Qb4 11. Nd2 e5 12. a3 Qxc4 13. Nxc4 Be6 14. Bxc6 Bxc4 15. Bxb7 Rab8 16. Bg2 Bd4 17. Rd1 Ng4 18. e3 Bxc3 19. bxc3 Rfd8 20. Rxd8+ Rxd8 21. Bf3 Nf6 22. e4 Rd3 23. Kg2 Nd7 24. Be3 a6 25. Rc1 Bb5 26. Be2 Rd6 27. c4 Bc6 28. c5 Re6 29. f3 Bb7 30. Bc4 Re8 31. Rb1 1-0

[Event "Penang op 6th"]
[Site "Penang"]
[Date "2014.12.12"]
[Round "8"]
[White "Aris, TLS"]
[Black "Sunardi, Sadeli"]
[Result "1-0"]
[WhiteElo "2177"]
[BlackElo "2060"]
[PlyCount "31"]
[EventDate "2014.12.08"]
[EventType "swiss"]
[EventRounds "9"]
[EventCountry "MAS"]
[SourceTitle "CBM 163 Extra"]
[Source "ChessBase"]
[SourceDate "2014.12.23"]
[SourceVersion "1"]
[SourceVersionDate "2014.12.23"]
[SourceQuality "1"]

1. d4 Nf6 2. c4 g6 3. Nc3 Bg7 4. Bg5 0-0 5. e4 d6 6. Bd3 c5 7. Nge2 cxd4 8. Nxd4 Qa5 9. Bd2 Qb6 10. Nb3 Nc6 11. 0-0 Bg4 12. Qb1 Ne5 13. h3 Be6 14. Nd5 Nxd5 15. cxd5 Bd7 16. Ba5 1-0

[Event "Penang op-A 5th"]
[Site "Penang"]
[Date "2013.12.13"]
[Round "9"]
[White "Masters, Christopher"]
[Black "Sunardi, Sadeli"]
[Result "0-1"]
[WhiteElo "1759"]
[BlackElo "2027"]
[PlyCount "70"]
[EventDate "2013.12.09"]
[EventType "swiss"]
[EventRounds "9"]
[EventCountry "MAS"]
[SourceTitle "CBM 157 Extra"]
[Source "ChessBase"]
[SourceDate "2013.12.19"]
[SourceVersion "1"]
[SourceVersionDate "2013.12.19"]
[SourceQuality "1"]

1. e4 e5 2. Nf3 Nc6 3. Bb5 a6 4. Ba4 Nf6 5. d3 b5 6. Bb3 d6 7. d4 Bg4 8. c3 Be7 9. h3 Bxf3 10. Qxf3 0-0 11. g4 Na5 12. Bc2 c5 13. 0-0 b4 14. c4 Ne8 15. Be3 Nc7 16. Nd2 Ne6 17. Nb3 Nxb3 18. Bxb3 a5 19. Kg2 Bg5 20. Rh1 Bh4 21. Kf1 g6 22. Ke2 Kg7 23. Rag1 h6 24. Rg2 Rh8 25. Kd2 Qe7 26. Rf1 Rag8 27. Ke2 Bg5 28. Rfg1 Bf4 29. Rh1 Qh4 30. Ke1 Kf8 31. Qe2 h5 32. Bd1 hxg4 33. Qxg4 Qf6 34. Qf3 Qd8 35. Kf1 Qb6 0-1

[Event "Penang op-A 5th"]
[Site "Penang"]
[Date "2013.12.10"]
[Round "2"]
[White "Sunardi, Sadeli"]
[Black "Udani, Ian"]
[Result "1/2-1/2"]
[WhiteElo "2027"]
[BlackElo "2299"]
[PlyCount "104"]
[EventDate "2013.12.09"]
[EventType "swiss"]
[EventRounds "9"]
[EventCountry "MAS"]
[SourceTitle "CBM 157 Extra"]
[Source "ChessBase"]
[SourceDate "2013.12.19"]
[SourceVersion "1"]
[SourceVersionDate "2013.12.19"]
[SourceQuality "1"]

1. e4 e6 2. d4 d5 3. Nd2 c5 4. exd5 Qxd5 5. Ngf3 cxd4 6. Bc4 Qd6 7. 0-0 Nf6 8. Nb3 Nc6 9. Nbxd4 Nxd4 10. Qxd4 Qxd4 11. Nxd4 Bd7 12. Re1 Rc8 13. Be2 Bc5 14. Nb3 Bb6 15. c3 Ne4 16. Be3 Bxe3 17. fxe3 Ke7 18. Bf3 Nc5 19. Nxc5 Rxc5 20. Rad1 b5 21. Rd2 Rb8 22. Red1 Be8 23. Rd4 a5 24. R1d2 f5 25. Kf2 g5 26. g3 b4 27. cxb4 Rxb4 28. Rxb4 axb4 29. Bd1 Rc1 30. h4 h6 31. hxg5 hxg5 32. Bc2 Bb5 33. e4 f4 34. gxf4 gxf4 35. e5 Rf1+ 36. Kg2 f3+ 37. Kg3 Bc6 38. Rd1 Rxd1 39. Bxd1 Bd5 40. a3 bxa3 41. bxa3 Kd7 42. Bxf3 Bb3 43. Kf4 Kc7 44. Ke3 Kb6 45. Kd4 Kb5 46. Be2+ Ka4 47. Bc4 Bd1 48. Bxe6 Kxa3 49. Kc5 Kb2 50. Kd6 Kc3 51. Bc8 Bb3 52. Bb7 Kd4 1/2-1/2